Statistics for 200 Most Popular Baby Girl Names Starting with Z (2022)

Click here to take the quiz!

General Stats

  • This quiz has been taken 686 times
  • The average score is 55 of 200

Answer Stats

Name% Correct
Zo
95%
Zoe
91%
Zoee
91%
Zoei
91%
Zoey
91%
Zoi
91%
Zoie
91%
Zooey
91%
Zaara
78%
Zahra
78%
Zahraa
78%
Zahrah
78%
Zaira
78%
Zara
78%
Zarah
78%
Zayra
78%
Zehra
78%
Zhara
78%
Zen
71%
Zeena
58%
Zena
58%
Zina
58%
Zira
49%
Zohra
49%
Zora
49%
Zorah
49%
Zyra
49%
Zyrah
49%
Zana
47%
Zelda
45%
Zia
45%
Zola
42%
Zella
40%
Zyla
40%
Zylah
40%
Zari
39%
Zahria
38%
Zaraya
38%
Zarayah
38%
Zaria
38%
Zariah
38%
Zariya
38%
Zariyah
38%
Zarya
38%
Zaryah
38%
Zaryiah
38%
Zeriah
38%
Zharia
38%
Zoraya
38%
Zoriah
38%
Zuria
38%
Zuriah
38%
Zuriyah
38%
Zaila
37%
Zailah
37%
Zala
37%
Zayla
37%
Zaylah
37%
Zanaya
36%
Zania
36%
Zaniah
36%
Zaniya
36%
Zaniyah
36%
Zanyah
36%
Zenaya
36%
Zeniah
36%
Zeniyah
36%
Zaia
33%
Zaiya
33%
Zaya
33%
Zayah
33%
Zeya
33%
Ziah
33%
Ziya
33%
Ziyah
33%
Zya
33%
Zyah
33%
Zendaya
32%
Zhuri
30%
Zuri
30%
Zurie
30%
Zurii
30%
Zury
30%
Zona
29%
Zada
27%
Zaida
27%
Zayda
27%
Zinnia
26%
Zoa
26%
Zoha
26%
Zaina
25%
Zayna
25%
Zaynah
25%
Zeina
25%
Zalaya
24%
Zalayah
24%
Zaleah
24%
Zalia
24%
Zaliyah
24%
Zema
23%
Zofia
23%
Zophia
23%
Zori
23%
Zadie
22%
Zarina
20%
Zion
20%
Zoya
20%
Zelena
19%
Zephyr
19%
Zoelle
19%
Zahara
18%
Zelia
18%
Ziva
18%
Zivah
18%
Zayana
17%
Ziana
17%
Zianna
17%
Ziona
17%
Zionna
17%
Ziyana
17%
Zyana
17%
Zyanna
17%
Zyonna
17%
Zelie
16%
Zoella
16%
Zuly
16%
Zamaya
15%
Zamiah
15%
Zamiyah
15%
Zamya
15%
Ziggy
13%
Zuzu
13%
Zailee
12%
Zailey
12%
Zainab
12%
Zaylee
12%
Zaylei
12%
Zayleigh
12%
Zaylie
12%
Zaynab
12%
Zeinab
12%
Zenith
11%
Zeyneth
11%
Zyaire
11%
Zamara
10%
Zamora
10%
Zosia
10%
Zavia
9%
Zhavia
9%
Zipporah
9%
Zaelyn
8%
Zaelynn
8%
Zailyn
8%
Zailynn
8%
Zakiya
8%
Zakiyah
8%
Zanovia
8%
Zaylynn
8%
Zenobia
8%
Zenovia
8%
Zamira
7%
Zamirah
7%
Zarai
7%
Zariana
7%
Zemira
7%
Zemirah
7%
Zhamira
7%
Zazie
6%
Zahava
5%
Zissy
5%
Zalani
4%
Zaylani
4%
Zenaida
4%
Zulema
4%
Zuleyka
4%
Zuleyma
4%
Zahira
3%
Zariel
3%
Zealand
3%
Zeppelin
3%
Zeynep
3%
Zuriel
3%
Zurielle
3%
Zahari
2%
Zamari
2%
Zanyla
2%
Zanylah
2%
Zlata
2%
Zyanya
2%
Zamaria
1%
Zanova
1%
Zarahi
1%
Zawadi
1%
Zerenity
1%
Zissel
1%
Zohemy
1%
Zimal
0%
Zunaira
0%
Zunairah
0%
Zunaisha
0%

Score Distribution

Percentile by Number Answered

Percent of People with Each Score

Your Score History

You have not taken this quiz